00225nam a2200085Ia 4500001000800000005001700008008004100025245004900066260002400115121164820250827024440.0250824s9999 xx 000 0 und d 0aUTANMAZ ADAMcHÜSEYİN RAHMİ GÜRPINAR bÖZGÜR YAYINLARI